00206 2200097 4500001002100000005001500021035002400036250001000060300002700070990001100097YOGYA00000000010628620140823134418 0010-081400000102888 aCet.1 a56 hlm.bilus.c20 cm. a7106-P